Building fundraising programs to attract community support (Record no. 2752)
[ view plain ]
| 000 -LEADER | |
|---|---|
| fixed length control field | 00795nam a2200157Ia 4500 |
| 005 - DATE AND TIME OF LATEST TRANSACTION | |
| control field | 20240530033133.0 |
| 008 - FIXED-LENGTH DATA ELEMENTS--GENERAL INFORMATION | |
| fixed length control field | 240331s9999 xx 000 0 und d |
| 020 ## - INTERNATIONAL STANDARD BOOK NUMBER | |
| ISBN | 906832134-X |
| 082 ## - DDC Classification | |
| Item Number - Author Mark | WIL |
| Class No. | 332 |
| 100 ## - MAIN ENTRY--PERSONAL NAME | |
| Personal name | Wilson, Westman Elizabeth |
| 245 #0 - TITLE STATEMENT | |
| Title | Building fundraising programs to attract community support |
| 260 ## - PUBLICATION, DISTRIBUTION, ETC. | |
| Place of publication, distribution, etc. | The Netherlands |
| Name of publisher, distributor, etc. | Kit publishers |
| Date of publication, distribution, etc. | 2001 |
| 300 ## - PHYSICAL DESCRIPTION | |
| Extent (e.g. Volumes, Pages etc.) | 279 p ., ( V 3) |
| 500 ## - GENERAL NOTE | |
| General note | Fundraising events, income-generating business, donation boxes, mail and telephone campaigns, electronic fundraising, applying for local grants, and many other approaches can be used to attract support from the community. planning effective programs is emphasized, with a special focus on techniques for face- to -face appeals and ways to engage the business community. |
| 942 ## - Koha item type (Biblio) | |
| Koha item type | Books in Stacks (Lending) |
| Lost status | Damaged status | Collection code | Home library | Current library | Shelving location | Date acquired | Full call number | Accession Number | Item type |
|---|---|---|---|---|---|---|---|---|---|
| Lending | WERC Library | WERC Library | Social Science Cupboard | 03/31/2024 | 332 WIL | 1946 | Books in Stacks (Lending) |
